| 000 | 00750cam a22002413a 4500 | ||
|---|---|---|---|
| 001 | 10887 | ||
| 003 | PGUSA | ||
| 005 | 20140828083230.0 | ||
| 008 | 040101s2004||||xxu|||||s|||||000 | eng d | ||
| 040 |
_aPGUSA _beng |
||
| 042 | _adc | ||
| 050 | 4 | _aPJ | |
| 245 | 1 | 0 |
_aBabylonian and Assyrian Literature _h[electronic resource] |
| 260 |
_bProject Gutenberg, _c2004 |
||
| 505 | 0 | _aThe Epic of Ishtar and Izdubar -- Tablets and Cuneiform Inscriptions. | |
| 506 | _aPublic domain in the USA. | ||
| 516 | _aElectronic text | ||
| 653 | _aAssyro-Babylonian literature -- Translations into English | ||
| 700 | 1 |
_aWilson, Epiphanius, _d1845-1916 |
|
| 830 | 0 |
_aProject Gutenberg _v10887 |
|
| 856 | 4 | 0 | _uhttp://www.gutenberg.org/ebooks/10887 |
| 942 | _cEB | ||
| 999 |
_c240142 _d240142 |
||